000 00785nam a2200205Ii 4500
003 JO-AjNU
008 230605s9999||||xx |||||||||||||| ||und||
040 _aJO-AjNU
_bara
_erda
_cJO-AjNU
041 _aara
050 1 4 _aPJ6151.A4255 1985
100 3 _aتاليف عمايرة، خليل أحمد,
_eauthor
_913112
245 0 0 _aأسلوبا النفي والإستفهام في العربية في منهج وصفي في التحليل اللغوي
264 3 1 _aد.م: د.ن، 1900
300 _a118ص
336 _atext
_btxt
_2rdacontent
337 _aunmediated
_bn
_2rdamedia
338 _avolume
_bnc
_2rdacarrier
490 0 _aدراسات وآراء في ضوء علم اللغة المعاصر-7-
650 4 _aاللغة العربية-النفي-الاستفهام
_913113
999 _aA3178
_c6746
_d6746